| 000 | 00565cam a2200181 i 4500 | ||
|---|---|---|---|
| 005 | 20260205121714.0 | ||
| 008 | 250721s2014 ts gr 000 f ara d | ||
| 020 | _a9789187373565 | ||
| 082 | 1 | 4 | _aقج ب ا |
| 100 | 1 |
_aالجباعي، غسان _eمؤلف. |
|
| 245 | 1 | 0 |
_aقهوة الجنرال / _cغسان الجباعي. |
| 264 | 3 | 1 |
_aراس الخيمة : _bدار نون، _c2014. |
| 300 | _a109 صفحة. | ||
| 650 | 1 | 7 | _aالروايات العربية. |
| 650 | 1 | 7 | _aالأدب ا لعربي. |
| 942 |
_2ddc _cBK |
||
| 999 |
_c134045 _d134045 |
||